Los fichajes más caros del fútbol por año de nacimiento - Estadísticas

Estadísticas generales
  • Esta prueba ha sido intentada 95 veces
  • La puntuación promedio es 22 de 25
Estadísticas de respuestas
Año de nacimiento Coste (M €) Temporada Nacionalidad Último club Nuevo club Jugador % Correcto
1985 117,00 2018-2019 Portugal Real Madrid Juventus Cristiano Ronaldo
100%
1980 32,35 2003-2004 Brasil PSG FC Barcelona Ronaldinho
99%
1982 67,00 2009-2010 Brasil AC Milan Real Madrid Kaká
96%
1992 222,00 2017-2018 Brasil FC Barcelona PSG Neymar
96%
1981 69,50 2009-2010 Suecia Inter FC Barcelona Zlatan Ibrahimović
96%
1989 101,00 2013-2014 Gales Tottenham Real Madrid Gareth Bale
95%
1991 120,80 2019-2020 Bélgica Chelsea Real Madrid Eden Hazard
94%
1997 135,00 2017-2018 Francia Borussia Dortmund FC Barcelona Ousmane Dembélé
94%
1988 75,00 2014-2015 Argentina Real Madrid Manchester United Ángel Di María
93%
1995 117,50 2021-2022 Inglaterra Aston Villa Manchester City Jack Grealish
93%
2003 103,00 2023-2024 Inglaterra Borussia Dortmund Real Madrid Jude Bellingham
93%
1998 180,00 2018-2019 Francia Mónaco PSG Kylian Mbappé
93%
1993 113,00 2021-2022 Bélgica Inter Chelsea Romelu Lukaku
93%
1983 35,50 2008-2009 Brasil Sevilla FC FC Barcelona Dani Alves
92%
2001 121,00 2022-2023 Argentina Benfica Chelsea Enzo Fernández
92%
1984 58,50 2010-2011 España Liverpool Chelsea Fernando Torres
90%
1999 127,20 2019-2020 Portugal Benfica Atlético Madrid João Félix
90%
2000 95,00 2022-2023 Brasil Ajax Manchester United Antony
88%
2002 90,00 2023-2024 Croacia RB Leipzig Manchester City Josko Gvardiol
88%
1987 90,00 2016-2017 Argentina Nápoles Juventus Gonzalo Higuaín
87%
1994 80,00 2018-2019 España Athletic Chelsea Kepa Arrizabalaga
87%
1990 60,00 2020-2021 Bosnia y Herzegovina Juventus FC Barcelona Miralem Pjanic
86%
1996 80,60 2020-2021 Brasil FC Barcelona Juventus Arthur Melo
82%
1986 56,00 2016-2017 Brasil Zenit Shanghai SIPG Hulk
78%
2004 62,10 2023-2024 Bélgica Southampton Chelsea Roméo Lavia
53%
No se encontraron pruebas coincidentes
Distribución de puntuación
Porcentaje de gente con cada puntuación
Porcentaje por número respondido
Historial de tus puntuaciones
No has intentado esta prueba.